00359nam a2200109Ia 4500008004100000100001800041245007300059260006200132500002500194546001200219700001800231220512s9999 xx 000 0 eng d aSingh , A K  0aLucknow: from tradition to modernity /cSingh , A K , Jafri, S S A  aLucknow :bGiri institute of development studies,cJul-06 aWorking paper No 193 aEnglish aJafri, S S A